Treatment of effluents from rubber processing factories (Record no. 44803)

MARC details
000 -LEADER
fixed length control field 00259nam a2200097Ia 4500
082 ## - DEWEY DECIMAL CLASSIFICATION NUMBER
Classification number NR:62:628.31 RUB
Item number TM 11
245 #0 - TITLE STATEMENT
Title Treatment of effluents from rubber processing factories
260 ## - PUBLICATION, DISTRIBUTION, ETC. (IMPRINT)
Place of publication Kottayam
Name of publisher Rubber Training Institute
300 ## - PHYSICAL DESCRIPTION
Number of Pages 53p.
942 ## - ADDED ENTRY ELEMENTS (KOHA)
Koha item type Books
Holdings
Withdrawn status Lost status Damaged status Not for loan Home library Current library Date acquired Source of acquisition Full call number Accession Number Koha item type
        RRII Library RRII Library 16/12/2021 Gift NR:62:628.31 RUB G01546 Books